[Event "Open de Figueres Miquel Mas 2016 - B"]
[Site "Figueres ESP"]
[Date "2016.08.11"]
[Round "1.1"]
[White "Torrent Lagresa, Josep M."]
[Black "Clot Chico, Arnau"]
[Result "1/2-1/2"]
[ECO "A31"]
[WhiteElo "1601"]
[BlackElo "1944"]
[PlyCount "75"]
[EventDate "2016.08.11"]
[EventType "swiss"]
[EventRounds "9"]
[EventCountry "ESP"]
[SourceTitle "Ajedrez en Madrid"]
[Source "lmi"]
[SourceDate "2016.08.11"]
[SourceVersion "1"]
[SourceVersionDate "2018.07.27"]
[SourceQuality "1"]

1. e4 c5 2. Nf3 d6 3. d4 cxd4 4. Nxd4 a6 5. c4 Nf6 6. Nc3 g6 7. Be2 Bg7 8. O-O
O-O 9. Be3 Nbd7 10. Rc1 Nc5 11. Bf3 Bd7 12. h3 Rc8 13. b4 Ne6 14. Nxe6 Bxe6 15.
Nd5 Nd7 16. Qb3 Bxd5 17. cxd5 b5 18. a4 Rxc1 19. Rxc1 Qb8 20. Be2 Qb7 21. Rc6
Rb8 22. axb5 axb5 23. Qc2 Ne5 24. Rb6 Qc8 25. Qxc8+ Rxc8 26. Bxb5 h5 27. Ba6
Ra8 28. b5 Nc4 29. Rb7 Nxe3 30. fxe3 Bf6 31. Rc7 Kg7 32. Rc8 Rxc8 33. Bxc8 Bc3
34. b6 Ba5 35. b7 Bc7 36. h4 Kf6 37. Kf2 Ke5 38. Kf3 1/2-1/2

[Event "Open de Figueres Miquel Mas 2016 - B"]
[Site "Figueres ESP"]
[Date "2016.08.11"]
[Round "1.2"]
[White "Camos Ramio, Miguel"]
[Black "Mallol Descarrega, Aleix"]
[Result "1/2-1/2"]
[ECO "E60"]
[WhiteElo "1931"]
[BlackElo "1567"]
[PlyCount "46"]
[EventDate "2016.08.11"]
[EventType "swiss"]
[EventRounds "9"]
[EventCountry "ESP"]
[SourceTitle "Ajedrez en Madrid"]
[Source "lmi"]
[SourceDate "2016.08.11"]
[SourceVersion "1"]
[SourceVersionDate "2018.07.27"]
[SourceQuality "1"]

1. d4 Nf6 2. c4 g6 3. g3 Bg7 4. Bg2 d6 5. Nf3 O-O 6. O-O Nc6 7. d5 Nb8 8. Nbd2
Nbd7 9. Nb3 Nb6 10. Nfd2 Bd7 11. e4 Re8 12. Qe2 e5 13. Nb1 c5 14. dxc6 Bxc6 15.
Be3 Rc8 16. Nc3 Bd7 17. c5 dxc5 18. Bxc5 Bc6 19. Bxb6 Qxb6 20. Nd5 Nxd5 21.
exd5 Bd7 22. Rfc1 Rxc1+ 23. Rxc1 Rc8 1/2-1/2

[Event "Open de Figueres Miquel Mas 2016 - B"]
[Site "Figueres ESP"]
[Date "2016.08.11"]
[Round "1.4"]
[White "Guzman Maglaya, Noli"]
[Black "Ruiz De Morales, Jaume"]
[Result "0-1"]
[ECO "D48"]
[WhiteElo "1925"]
[BlackElo "1522"]
[PlyCount "72"]
[EventDate "2016.08.11"]
[EventType "swiss"]
[EventRounds "9"]
[EventCountry "ESP"]
[SourceTitle "Ajedrez en Madrid"]
[Source "lmi"]
[SourceDate "2016.08.11"]
[SourceVersion "1"]
[SourceVersionDate "2018.07.27"]
[SourceQuality "1"]

1. d4 d5 2. c4 c6 3. e3 Nf6 4. Nc3 e6 5. Bd3 dxc4 6. Bxc4 b5 7. Bd3 Nbd7 8. Nf3
a6 9. O-O c5 10. dxc5 Bxc5 11. Ne4 O-O 12. Qc2 Qb6 13. Nxf6+ Nxf6 14. Ng5 h6
15. Ne4 Nxe4 16. Bxe4 Ra7 17. b3 Rc7 18. Qe2 Bb4 19. Bb2 Bc3 20. Bxc3 Rxc3 21.
Rac1 Rxc1 22. Rxc1 Bb7 23. Bxb7 Qxb7 24. Qc2 Rd8 25. h3 Qd5 26. e4 Qd2 27. g3
Qd4 28. Kg2 Qb4 29. Qc6 Rd2 30. Rc2 Rd1 31. Re2 Qd4 32. Qe8+ Kh7 33. Qxf7 Ra1
34. g4 Qd1 35. Re3 Qg1+ 36. Kf3 Rxa2 0-1

[Event "Open de Figueres Miquel Mas 2016 - B"]
[Site "Figueres ESP"]
[Date "2016.08.11"]
[Round "1.5"]
[White "Murillo Fiol, Rodrigo"]
[Black "Claret, Franck"]
[Result "0-1"]
[ECO "B75"]
[WhiteElo "1515"]
[BlackElo "1923"]
[PlyCount "48"]
[EventDate "2016.08.11"]
[EventType "swiss"]
[EventRounds "9"]
[EventCountry "ESP"]
[SourceTitle "Ajedrez en Madrid"]
[Source "lmi"]
[SourceDate "2016.08.11"]
[SourceVersion "1"]
[SourceVersionDate "2018.07.27"]
[SourceQuality "1"]

1. e4 c5 2. Nf3 d6 3. d4 cxd4 4. Nxd4 Nf6 5. Nc3 g6 6. Be3 Bg7 7. Bc4 Nc6 8. f3
Nd7 9. Qd2 Nb6 10. Bb3 Na5 11. O-O Nbc4 12. Qe2 Nxe3 13. Qxe3 Qb6 14. Rad1 e5
15. Na4 exd4 16. Bxf7+ Ke7 17. Qg5+ Bf6 18. Nxb6 Bxg5 19. Nxa8 Be3+ 20. Kh1
Kxf7 21. Nc7 Be6 22. Nb5 Nc6 23. Nxd6+ Ke7 24. Nb5 Bc4 0-1

[Event "Open de Figueres Miquel Mas 2016 - B"]
[Site "Figueres ESP"]
[Date "2016.08.11"]
[Round "1.6"]
[White "Palacios Pena, Gerardo"]
[Black "Antoine, Jean-Luc"]
[Result "1-0"]
[ECO "D02"]
[WhiteElo "1900"]
[BlackElo "1492"]
[PlyCount "32"]
[EventDate "2016.08.11"]
[EventType "swiss"]
[EventRounds "9"]
[EventCountry "ESP"]
[SourceTitle "Ajedrez en Madrid"]
[Source "lmi"]
[SourceDate "2016.08.11"]
[SourceVersion "1"]
[SourceVersionDate "2018.07.27"]
[SourceQuality "1"]

1. d4 d5 2. Nf3 e6 3. Bf4 Nf6 4. e3 Be7 5. h3 b6 6. Bb5+ Bd7 7. Qe2 a6 8. Bd3
Qc8 9. Nbd2 c5 10. c3 Nc6 11. O-O O-O 12. Ne5 Qb7 13. Qf3 Bd6 14. Qg3 Nh5 15.
Qh4 g6 16. Nxg6 fxg6 1-0

[Event "Open de Figueres Miquel Mas 2016 - B"]
[Site "Figueres ESP"]
[Date "2016.08.11"]
[Round "1.7"]
[White "Glukhovskiy, Matvey"]
[Black "Oliva Llorens, Antoni"]
[Result "0-1"]
[ECO "A60"]
[WhiteElo "1490"]
[BlackElo "1899"]
[PlyCount "72"]
[EventDate "2016.08.11"]
[EventType "swiss"]
[EventRounds "9"]
[EventCountry "ESP"]
[SourceTitle "Ajedrez en Madrid"]
[Source "lmi"]
[SourceDate "2016.08.11"]
[SourceVersion "1"]
[SourceVersionDate "2018.07.27"]
[SourceQuality "1"]

1. d4 Nf6 2. c4 e6 3. Nc3 c5 4. d5 exd5 5. cxd5 d6 6. Bg5 Be7 7. Nf3 a6 8. a4
b6 9. e4 Nbd7 10. Bd3 Ng4 11. Bf4 Nge5 12. Bxe5 Nxe5 13. Nxe5 dxe5 14. O-O O-O
15. f4 exf4 16. e5 Bg5 17. Ne4 Bh6 18. Qh5 Qxd5 19. Rf3 Kh8 20. Nf6 Qd4+ 21.
Kh1 Bb7 22. Rh3 f3 23. Bf1 fxg2+ 24. Bxg2 Bxg2+ 25. Kxg2 Qxb2+ 26. Kg3 Qxa1 27.
Qf5 Qg1+ 28. Kh4 Qg6 29. Qg4 gxf6 30. Qxg6 fxg6 31. exf6 Rxf6 32. Rd3 Re8 33.
a5 b5 34. h3 Be3 35. Rd7 Bf2+ 36. Kg5 Rf5+ 0-1

[Event "Open de Figueres Miquel Mas 2016 - B"]
[Site "Figueres ESP"]
[Date "2016.08.11"]
[Round "1.8"]
[White "Gonzalez Pabollet, Jesus Maria"]
[Black "Cantenys Pages, Carles"]
[Result "1-0"]
[ECO "C62"]
[WhiteElo "1872"]
[BlackElo "1469"]
[PlyCount "36"]
[EventDate "2016.08.11"]
[EventType "swiss"]
[EventRounds "9"]
[EventCountry "ESP"]
[SourceTitle "Ajedrez en Madrid"]
[Source "lmi"]
[SourceDate "2016.08.11"]
[SourceVersion "1"]
[SourceVersionDate "2018.07.27"]
[SourceQuality "1"]

1. e4 e5 2. Nf3 Nc6 3. Bb5 d6 4. O-O Be7 5. d4 exd4 6. Nxd4 Bd7 7. Bxc6 bxc6 8.
Nc3 Bf6 9. Qd3 Ne7 10. Bd2 O-O 11. Rae1 Ng6 12. f4 Re8 13. Nd1 a6 14. Ne3 c5
15. Ne2 Bc6 16. Ng3 Rb8 17. c3 Bh4 18. b3 Bb5 1-0

[Event "Open de Figueres Miquel Mas 2016 - B"]
[Site "Figueres ESP"]
[Date "2016.08.12"]
[Round "2.1"]
[White "Gimenez Garcia, Emilio"]
[Black "Perez Lopez, Alfonso"]
[Result "1-0"]
[ECO "D91"]
[WhiteElo "1926"]
[BlackElo "1785"]
[PlyCount "59"]
[EventDate "2016.08.11"]
[EventType "swiss"]
[EventRounds "9"]
[EventCountry "ESP"]
[SourceTitle "Ajedrez en Madrid"]
[Source "lmi"]
[SourceDate "2016.08.11"]
[SourceVersion "1"]
[SourceVersionDate "2018.07.27"]
[SourceQuality "1"]

1. d4 Nf6 2. c4 g6 3. Nc3 d5 4. Bg5 c6 5. e3 Bg7 6. Nf3 O-O 7. Be2 Nbd7 8. c5
b6 9. b4 Re8 10. Rb1 bxc5 11. bxc5 Qa5 12. Qd2 Ba6 13. O-O Bxe2 14. Nxe2 Qa6
15. Nc3 e5 16. dxe5 Nxe5 17. Nxe5 Rxe5 18. Bf4 Ree8 19. Qc2 Qc4 20. Rfc1 Qxc5
21. Ne2 Qa5 22. Qxc6 Qd2 23. Qc2 Qa5 24. Nc3 Rac8 25. Qb3 Red8 26. h3 Nh5 27.
Ne2 Rxc1+ 28. Rxc1 Qd2 29. Qc2 Qa5 30. Bc7 1-0

[Event "Open de Figueres Miquel Mas 2016 - B"]
[Site "Figueres ESP"]
[Date "2016.08.12"]
[Round "2.4"]
[White "Oliva Llorens, Antoni"]
[Black "Mallol Descarrega, Gerard"]
[Result "1-0"]
[ECO "C19"]
[WhiteElo "1899"]
[BlackElo "1639"]
[PlyCount "73"]
[EventDate "2016.08.11"]
[EventType "swiss"]
[EventRounds "9"]
[EventCountry "ESP"]
[SourceTitle "Ajedrez en Madrid"]
[Source "lmi"]
[SourceDate "2016.08.11"]
[SourceVersion "1"]
[SourceVersionDate "2018.07.27"]
[SourceQuality "1"]

1. e4 e6 2. d4 d5 3. Nc3 Bb4 4. e5 c5 5. a3 Bxc3+ 6. bxc3 Ne7 7. Nf3 c4 8. h4
Bd7 9. g3 Ba4 10. Bh3 h6 11. h5 Nbc6 12. Nh4 Qa5 13. Bd2 O-O-O 14. O-O Kb8 15.
Kh2 Rdf8 16. f4 Nd8 17. f5 Qc7 18. f6 gxf6 19. exf6 Nec6 20. Bf4 e5 21. dxe5
Ne6 22. Bxe6 fxe6 23. Ng6 Qh7 24. Rf2 Nd8 25. Nxf8 Rxf8 26. Qe2 Rg8 27. g4 Nc6
28. Rd1 b6 29. Rd2 Na5 30. Rxd5 exd5 31. e6+ Kc8 32. f7 Rf8 33. Qe5 Kb7 34. Qf6
Nc6 35. Bd6 Rg8 36. fxg8=Q Qxg8 37. Qf7+ 1-0

[Event "Open de Figueres Miquel Mas 2016 - B"]
[Site "Figueres ESP"]
[Date "2016.08.12"]
[Round "2.8"]
[White "Voegeli, Max"]
[Black "Jurado Coderch, Heribert"]
[Result "1-0"]
[ECO "C29"]
[WhiteElo "1792"]
[BlackElo "1391"]
[PlyCount "48"]
[EventDate "2016.08.11"]
[EventType "swiss"]
[EventRounds "9"]
[EventCountry "ESP"]
[SourceTitle "Ajedrez en Madrid"]
[Source "lmi"]
[SourceDate "2016.08.11"]
[SourceVersion "1"]
[SourceVersionDate "2018.07.27"]
[SourceQuality "1"]

1. e4 e5 2. Nc3 Nf6 3. f4 Nc6 4. fxe5 Nxe5 5. d4 Ng6 6. e5 Ng8 7. Nf3 d6 8. Bc4
dxe5 9. dxe5 Be6 10. Qe2 Bc5 11. Bxe6 fxe6 12. Qb5+ c6 13. Qxc5 N8e7 14. Bg5
O-O 15. Rd1 Qe8 16. O-O b6 17. Qc4 Nd5 18. Nxd5 exd5 19. Qe2 h6 20. Bd2 Rd8 21.
Nd4 c5 22. Rxf8+ Qxf8 23. Ne6 Qe7 24. Nxd8 Qxd8 1-0

[Event "Open de Figueres Miquel Mas 2016 - B"]
[Site "Figueres ESP"]
[Date "2016.08.12"]
[Round "2.9"]
[White "Garcia Castany, Josep"]
[Black "Camos Ramio, Miguel"]
[Result "0-1"]
[ECO "D55"]
[WhiteElo "1300"]
[BlackElo "1931"]
[PlyCount "39"]
[EventDate "2016.08.11"]
[EventType "swiss"]
[EventRounds "9"]
[EventCountry "ESP"]
[SourceTitle "Ajedrez en Madrid"]
[Source "lmi"]
[SourceDate "2016.08.11"]
[SourceVersion "1"]
[SourceVersionDate "2018.07.27"]
[SourceQuality "1"]

1. d4 d5 2. c4 e6 3. Nc3 Nf6 4. Bg5 Be7 5. e3 O-O 6. Nf3 h6 7. Bxf6 Bxf6 8. a3
c5 9. Rc1 cxd4 10. Nxd4 Nc6 11. Nf3 d4 12. exd4 Nxd4 13. Be2 Nxe2 14. Qxe2 Bd7
15. O-O Bc6 16. Rfe1 Qb6 17. b4 Rfd8 18. Ne5 Bxe5 19. Qxe5 Bd7 20. Rb1 0-1

[Event "Open de Figueres Miquel Mas 2016 - B"]
[Site "Figueres ESP"]
[Date "2016.08.13"]
[Round "3.5"]
[White "Perez Fonolleras, Oliver"]
[Black "Gili Munoz, Daniel"]
[Result "1-0"]
[ECO "B92"]
[WhiteElo "1468"]
[BlackElo "1805"]
[PlyCount "59"]
[EventDate "2016.08.11"]
[EventType "swiss"]
[EventRounds "9"]
[EventCountry "ESP"]
[SourceTitle "Ajedrez en Madrid"]
[Source "lmi"]
[SourceDate "2016.08.11"]
[SourceVersion "1"]
[SourceVersionDate "2018.07.27"]
[SourceQuality "1"]

1. e4 c5 2. Nf3 d6 3. d4 cxd4 4. Nxd4 Nf6 5. Nc3 a6 6. Be2 e5 7. Nb3 Be7 8. O-O
Be6 9. Bg5 Nbd7 10. f4 Qc7 11. Nd2 exf4 12. Bxf4 Qb6+ 13. Kh1 Qxb2 14. Na4 Qa3
15. c4 Nc5 16. Nb6 Rb8 17. Qc2 Nfd7 18. Rab1 Qa5 19. Qb2 O-O 20. Nxd7 Bxd7 21.
e5 Qc7 22. Qd4 Ne6 23. exd6 Nxd4 24. dxc7 Rbc8 25. Rfe1 Ne6 26. Bg3 Bc6 27. Bg4
Bg5 28. Nf3 f5 29. Rxe6 fxg4 30. Nxg5 1-0

[Event "Open de Figueres Miquel Mas 2016 - B"]
[Site "Figueres ESP"]
[Date "2016.08.13"]
[Round "3.6"]
[White "Glukhovsky, Daniel"]
[Black "Mallol Descarrega, Aleix"]
[Result "1-0"]
[ECO "A02"]
[WhiteElo "1805"]
[BlackElo "1567"]
[PlyCount "45"]
[EventDate "2016.08.11"]
[EventType "swiss"]
[EventRounds "9"]
[EventCountry "ESP"]
[SourceTitle "Ajedrez en Madrid"]
[Source "lmi"]
[SourceDate "2016.08.11"]
[SourceVersion "1"]
[SourceVersionDate "2018.07.27"]
[SourceQuality "1"]

1. f4 d6 2. Nf3 Nc6 3. e3 e5 4. b3 exf4 5. exf4 Qf6 6. d4 Bg4 7. c3 O-O-O 8.
Be2 Qe6 9. d5 Qe4 10. dxc6 Re8 11. cxb7+ Kxb7 12. Nbd2 Qe3 13. Nc4 Qe4 14. Kf2
Nf6 15. Nd4 Bxe2 16. Qxe2 Qg6 17. Na5+ Kc8 18. Qa6+ Kd8 19. Nb7+ Kd7 20. Qc6+
Kc8 21. Rf1 Ng4+ 22. Kg1 Qd3 23. Qxe8+ 1-0

[Event "Open de Figueres Miquel Mas 2016 - B"]
[Site "Figueres ESP"]
[Date "2016.08.13"]
[Round "3.13"]
[White "Nunez Colome, David"]
[Black "Garcia Castany, Josep"]
[Result "1-0"]
[ECO "B78"]
[WhiteElo "1702"]
[BlackElo "1300"]
[PlyCount "57"]
[EventDate "2016.08.11"]
[EventType "swiss"]
[EventRounds "9"]
[EventCountry "ESP"]
[SourceTitle "Ajedrez en Madrid"]
[Source "lmi"]
[SourceDate "2016.08.11"]
[SourceVersion "1"]
[SourceVersionDate "2018.07.27"]
[SourceQuality "1"]

1. e4 c5 2. Nf3 d6 3. d4 cxd4 4. Nxd4 g6 5. Nc3 Bg7 6. Be3 Nc6 7. f3 Nf6 8. Bc4
O-O 9. Bb3 Bd7 10. h4 Rc8 11. Qd2 Ne5 12. h5 Nc4 13. Bxc4 Rxc4 14. hxg6 fxg6
15. O-O-O Qa5 16. Nb3 Qc7 17. Bd4 Be6 18. Kb1 a6 19. g4 Kf7 20. g5 Nh5 21. Bxg7
Kxg7 22. Nd4 Qd7 23. Rh4 Rc5 24. f4 Bg4 25. Rg1 Rxf4 26. Rxh5 Bxh5 27. Qxf4 e5
28. Qf6+ Kg8 29. Ne6 1-0

[Event "Open de Figueres Miquel Mas 2016 - B"]
[Site "Figueres ESP"]
[Date "2016.08.13"]
[Round "3.14"]
[White "Jurado Coderch, Heribert"]
[Black "Fernandez Molas, Andreu"]
[Result "0-1"]
[ECO "B01"]
[WhiteElo "1391"]
[BlackElo "1678"]
[PlyCount "76"]
[EventDate "2016.08.11"]
[EventType "swiss"]
[EventRounds "9"]
[EventCountry "ESP"]
[SourceTitle "Ajedrez en Madrid"]
[Source "lmi"]
[SourceDate "2016.08.11"]
[SourceVersion "1"]
[SourceVersionDate "2018.07.27"]
[SourceQuality "1"]

1. e4 d5 2. exd5 Qxd5 3. Nc3 Qd6 4. d4 Nf6 5. Nf3 a6 6. Be2 Bf5 7. O-O Nc6 8.
d5 Nb4 9. Nd4 Bg6 10. a3 Nbxd5 11. Nxd5 Nxd5 12. c4 Nf6 13. Bf3 O-O-O 14. Be3
e5 15. Nb3 e4 16. Bg4+ Nxg4 17. Qxg4+ f5 18. Qe2 Qd3 19. Qxd3 Rxd3 20. Nc1 Rd7
21. f3 Be7 22. Ne2 Rhd8 23. Nf4 Bg5 24. Rfe1 Bxf4 25. Bxf4 exf3 26. gxf3 Rd3
27. Bg5 R8d7 28. f4 Bf7 29. Rac1 c6 30. c5 Bd5 31. Re8+ Kc7 32. Be7 b5 33.
cxb6+ Kxb6 34. Rc3 Rd2 35. Bc5+ Kb7 36. b4 Be4 37. h3 Rg2+ 38. Kf1 Rd1# 0-1

[Event "Open de Figueres Miquel Mas 2016 - B"]
[Site "Figueres ESP"]
[Date "2016.08.13"]
[Round "3.15"]
[White "Perdomo Raudales, Javier Fern"]
[Black "Clot Chico, Arnau"]
[Result "1/2-1/2"]
[ECO "C01"]
[WhiteElo "1783"]
[BlackElo "1944"]
[PlyCount "48"]
[EventDate "2016.08.11"]
[EventType "swiss"]
[EventRounds "9"]
[EventCountry "ESP"]
[SourceTitle "Ajedrez en Madrid"]
[Source "lmi"]
[SourceDate "2016.08.11"]
[SourceVersion "1"]
[SourceVersionDate "2018.07.27"]
[SourceQuality "1"]

1. e4 e6 2. d4 d5 3. exd5 exd5 4. Nc3 Nc6 5. h3 Bf5 6. Bb5 Nf6 7. Nf3 a6 8.
Bxc6+ bxc6 9. O-O Be7 10. Ne5 Bd7 11. Re1 O-O 12. Bg5 Rb8 13. Rb1 Re8 14. Qf3
h6 15. Bh4 Rb4 16. Ne2 Ne4 17. Qxf7+ Kh7 18. Qg6+ Kg8 19. Qf7+ Kh7 20. Qg6+ Kg8
21. Nf7 Bxh4 22. Nxh6+ Kh8 23. Nf7+ Kg8 24. Nh6+ Kh8 1/2-1/2

[Event "Open de Figueres Miquel Mas 2016 - B"]
[Site "Figueres ESP"]
[Date "2016.08.13"]
[Round "4.1"]
[White "Gimenez Garcia, Emilio"]
[Black "Gonzalez Pabollet, Jesus Maria"]
[Result "1/2-1/2"]
[ECO "D00"]
[WhiteElo "1926"]
[BlackElo "1872"]
[PlyCount "31"]
[EventDate "2016.08.11"]
[EventType "swiss"]
[EventRounds "9"]
[EventCountry "ESP"]
[SourceTitle "Ajedrez en Madrid"]
[Source "lmi"]
[SourceDate "2016.08.11"]
[SourceVersion "1"]
[SourceVersionDate "2018.07.27"]
[SourceQuality "1"]

1. d4 Nf6 2. Bf4 d5 3. e3 Bf5 4. h3 e6 5. Bd3 Bxd3 6. Qxd3 Bd6 7. Bxd6 Qxd6 8.
Nd2 O-O 9. Ngf3 c5 10. c3 Nc6 11. O-O Rac8 12. Rfe1 Rfd8 13. Rad1 a6 14. a4
cxd4 15. exd4 Nd7 16. Ng5 1/2-1/2

[Event "Open de Figueres Miquel Mas 2016 - B"]
[Site "Figueres ESP"]
[Date "2016.08.13"]
[Round "4.2"]
[White "Claret, Franck"]
[Black "Glukhovsky, Daniel"]
[Result "1/2-1/2"]
[ECO "E16"]
[WhiteElo "1923"]
[BlackElo "1805"]
[PlyCount "53"]
[EventDate "2016.08.11"]
[EventType "swiss"]
[EventRounds "9"]
[EventCountry "ESP"]
[SourceTitle "Ajedrez en Madrid"]
[Source "lmi"]
[SourceDate "2016.08.11"]
[SourceVersion "1"]
[SourceVersionDate "2018.07.27"]
[SourceQuality "1"]

1. Nf3 Nf6 2. c4 e6 3. g3 b6 4. Bg2 Bb7 5. O-O Be7 6. d4 O-O 7. Nc3 a5 8. Bf4
Nh5 9. Be3 f5 10. d5 Na6 11. dxe6 dxe6 12. Nd4 Bxg2 13. Kxg2 e5 14. Nc6 Qxd1
15. Nxe7+ Kf7 16. Raxd1 Kxe7 17. Rd5 Ke6 18. Rfd1 Nf6 19. R5d2 Rf7 20. Bg5 Nc5
21. Bxf6 gxf6 22. f3 Rg8 23. Rd8 Rxd8 24. Rxd8 Rd7 25. Rxd7 Nxd7 26. Kf2 c6 27.
e4 1/2-1/2

[Event "Open de Figueres Miquel Mas 2016 - B"]
[Site "Figueres ESP"]
[Date "2016.08.13"]
[Round "4.3"]
[White "Vidal Palou, Jordi"]
[Black "Palacios Pena, Gerardo"]
[Result "0-1"]
[ECO "A48"]
[WhiteElo "1704"]
[BlackElo "1900"]
[PlyCount "54"]
[EventDate "2016.08.11"]
[EventType "swiss"]
[EventRounds "9"]
[EventCountry "ESP"]
[SourceTitle "Ajedrez en Madrid"]
[Source "lmi"]
[SourceDate "2016.08.11"]
[SourceVersion "1"]
[SourceVersionDate "2018.07.27"]
[SourceQuality "1"]

1. d4 Nf6 2. Nf3 g6 3. e3 Bg7 4. Be2 b6 5. Nbd2 Bb7 6. c3 d6 7. b3 O-O 8. Bb2
Nbd7 9. O-O c5 10. Rc1 Rc8 11. Bd3 e5 12. dxe5 dxe5 13. Bb1 e4 14. Ne1 Qe7 15.
h3 Rcd8 16. Qe2 Ne5 17. f4 exf3 18. Ndxf3 Ne4 19. Bxe4 Bxe4 20. Nxe5 Bxe5 21.
c4 Rd7 22. Bxe5 Qxe5 23. Nf3 Qh5 24. Qf2 Rfd8 25. Nh2 f5 26. g4 Qxh3 27. gxf5
Rd2 0-1

[Event "Open de Figueres Miquel Mas 2016 - B"]
[Site "Figueres ESP"]
[Date "2016.08.13"]
[Round "4.9"]
[White "Gili Munoz, Daniel"]
[Black "Perdomo Raudales, Javier Fern"]
[Result "1-0"]
[ECO "C27"]
[WhiteElo "1805"]
[BlackElo "1783"]
[PlyCount "43"]
[EventDate "2016.08.11"]
[EventType "swiss"]
[EventRounds "9"]
[EventCountry "ESP"]
[SourceTitle "Ajedrez en Madrid"]
[Source "lmi"]
[SourceDate "2016.08.11"]
[SourceVersion "1"]
[SourceVersionDate "2018.07.27"]
[SourceQuality "1"]

1. e4 e5 2. Nc3 Nf6 3. Bc4 Bb4 4. d3 Bxc3+ 5. bxc3 d6 6. Ne2 O-O 7. O-O h6 8.
f4 Nbd7 9. f5 Nb6 10. Bb3 Re8 11. Ng3 a5 12. a4 c6 13. Qf3 d5 14. Be3 Bd7 15.
Nh5 Nxh5 16. Qxh5 Kh7 17. f6 Rg8 18. Kh1 Be6 19. fxg7 Rxg7 20. Qxh6+ Kg8 21.
Rf3 f6 22. Qxf6 1-0

[Event "Open de Figueres Miquel Mas 2016 - B"]
[Site "Figueres ESP"]
[Date "2016.08.13"]
[Round "4.12"]
[White "Salomon Emmanuel, Yves"]
[Black "Mallol Descarrega, Gerard"]
[Result "0-1"]
[ECO "A03"]
[WhiteElo "1638"]
[BlackElo "1639"]
[PlyCount "42"]
[EventDate "2016.08.11"]
[EventType "swiss"]
[EventRounds "9"]
[EventCountry "ESP"]
[SourceTitle "Ajedrez en Madrid"]
[Source "lmi"]
[SourceDate "2016.08.11"]
[SourceVersion "1"]
[SourceVersionDate "2018.07.27"]
[SourceQuality "1"]

1. f4 d5 2. Nf3 Nf6 3. e3 c5 4. Be2 Nc6 5. O-O e6 6. b3 Be7 7. Bb2 O-O 8. Qe1
Nd7 9. Ne5 f5 10. g4 Ndxe5 11. fxe5 Bh4 12. Qd1 fxg4 13. Rxf8+ Qxf8 14. Bxg4
Qf2+ 15. Kh1 Bd7 16. Nc3 Rf8 17. Nxd5 h5 18. Bh3 Rf3 19. Nf4 Nxe5 20. Bxe5 Rxh3
21. Nxh3 Bc6+ 0-1

[Event "Open de Figueres Miquel Mas 2016 - B"]
[Site "Figueres ESP"]
[Date "2016.08.13"]
[Round "4.14"]
[White "Antoine, Jean-Luc"]
[Black "Guzman Maglaya, Noli"]
[Result "0-1"]
[ECO "A46"]
[WhiteElo "1492"]
[BlackElo "1925"]
[PlyCount "56"]
[EventDate "2016.08.11"]
[EventType "swiss"]
[EventRounds "9"]
[EventCountry "ESP"]
[SourceTitle "Ajedrez en Madrid"]
[Source "lmi"]
[SourceDate "2016.08.11"]
[SourceVersion "1"]
[SourceVersionDate "2018.07.27"]
[SourceQuality "1"]

1. d4 Nf6 2. Bf4 e6 3. Nf3 Bb4+ 4. c3 Be7 5. e3 O-O 6. Bd3 d5 7. Nbd2 Nbd7 8.
Ne5 c5 9. h4 c4 10. Bc2 b5 11. g4 Bb7 12. Qf3 Nxe5 13. dxe5 Nd7 14. g5 Nc5 15.
Qh3 d4 16. Rh2 dxc3 17. bxc3 Nd3+ 18. Bxd3 Qxd3 19. h5 Rad8 20. f3 Qxc3 21. Rd1
Qd3 22. g6 c3 23. gxh7+ Kh8 24. h6 g6 25. e4 cxd2+ 26. Rhxd2 Qc3 27. Qg2 Rxd2
28. Bxd2 Qxe5 0-1

[Event "Open de Figueres Miquel Mas 2016 - B"]
[Site "Figueres ESP"]
[Date "2016.08.13"]
[Round "4.15"]
[White "Prokudin, Igor"]
[Black "Perez Lopez, Alfonso"]
[Result "0-1"]
[ECO "D94"]
[WhiteElo "1322"]
[BlackElo "1785"]
[PlyCount "78"]
[EventDate "2016.08.11"]
[EventType "swiss"]
[EventRounds "9"]
[EventCountry "ESP"]
[SourceTitle "Ajedrez en Madrid"]
[Source "lmi"]
[SourceDate "2016.08.11"]
[SourceVersion "1"]
[SourceVersionDate "2018.07.27"]
[SourceQuality "1"]

1. d4 c6 2. Nf3 Nf6 3. e3 g6 4. Bd3 d5 5. c4 Bg7 6. O-O O-O 7. Nc3 Nbd7 8. e4
dxe4 9. Bxe4 Nxe4 10. Nxe4 Nf6 11. Nxf6+ Bxf6 12. Bh6 Re8 13. Be3 Bg4 14. h3
Bxf3 15. Qxf3 Bxd4 16. Rad1 e5 17. Rd2 Qb6 18. Bxd4 exd4 19. Rfd1 Rad8 20. b3
c5 21. Re2 Rxe2 22. Qxe2 Qe6 23. Qf3 Rd7 24. Kf1 Re7 25. Qd3 Qe4 26. Qd2 Kg7
27. Kg1 b6 28. b4 Qe2 29. Qc1 Qxa2 30. Qg5 Qe2 31. Rf1 h6 32. Qd5 Qe6 33. bxc5
Qxd5 34. cxd5 bxc5 35. d6 Rd7 36. Rc1 Rxd6 37. Rxc5 d3 38. Rc1 d2 39. Rd1 a5
0-1

[Event "Open de Figueres Miquel Mas 2016 - B"]
[Site "Figueres ESP"]
[Date "2016.08.13"]
[Round "4.16"]
[White "Garcia Castany, Josep"]
[Black "Torrent Lagresa, Josep M."]
[Result "0-1"]
[ECO "D55"]
[WhiteElo "1300"]
[BlackElo "1601"]
[PlyCount "54"]
[EventDate "2016.08.11"]
[EventType "swiss"]
[EventRounds "9"]
[EventCountry "ESP"]
[SourceTitle "Ajedrez en Madrid"]
[Source "lmi"]
[SourceDate "2016.08.11"]
[SourceVersion "1"]
[SourceVersionDate "2018.07.27"]
[SourceQuality "1"]

1. d4 d5 2. c4 e6 3. Nc3 Nf6 4. Bg5 Be7 5. e3 O-O 6. Nf3 Nbd7 7. Rc1 b6 8. cxd5
exd5 9. Bd3 Bb7 10. O-O Rc8 11. Qd2 h6 12. Bh4 Ne4 13. Bxe7 Qxe7 14. Rfd1 c5
15. dxc5 Ndxc5 16. Bb5 Rfd8 17. Nd4 a6 18. Bd3 Nxd3 19. Qxd3 Nxc3 20. Rxc3 Rxc3
21. Qxc3 Rc8 22. Qb3 Qc5 23. g3 b5 24. Kg2 Qc4 25. Rd3 Rc5 26. Rc3 Qxb3 27.
Nxb3 d4+ 0-1